000 005480000a22001810004500
003 MACL
005 20160302121638.0
008 160302b xxu||||| |||| 00| 0 eng d
040 _aMACL
_cMACL
041 _aHindi
082 _a800
100 _aवेदप्रकाश शर्मा
_941915
245 _aसमकालीन हिन्‍दी साहित्‍य
260 _bजवाहर पुस्‍तकालय
_c1973
_aमथुरा
350 _a15
650 _aLiteracture
_941916
942 _cHIN
_k800
_2ddc
999 _c26609
_d26609